000 00492nam a2200169 i 4500
001 130321
003 ES-MaACL
005 20240523063036.0
007 t|
008 070725n19001930sp ||||1| spa d
100 1 _aZamacois, Eduardo,
_d1873-1971
_9117882
245 1 0 _aTik-Nay
_b: el payaso inimitable (novela) /
_cEduardo Zamacois.
260 _aMadrid :
_bRenacimiento,
_c[192-?]
300 _a309 p. ;
_c20 cm.
852 _aES-MaACL
_jB-4155
999 _c130321
_d130321